|
|
|
|
| LEADER |
00000nam0a2200000 4500 |
| 001 |
313742 |
| 005 |
20231102002617.0 |
| 010 |
|
|
|a 9785970601853
|
| 035 |
|
|
|a (RuTPU)RU\TPU\book\339128
|
| 090 |
|
|
|a 313742
|
| 100 |
|
|
|a 20160202d2016 km y0rusy50 ca
|
| 101 |
0 |
|
|a rus
|
| 102 |
|
|
|a RU
|
| 105 |
|
|
|a a z 001zy
|
| 200 |
1 |
|
|a Сохранение данных: теория и практика
|f А. Н. Бережной
|
| 210 |
|
|
|a Москва
|c ДМК Пресс
|d 2016
|
| 215 |
|
|
|a 317 с.
|c ил.
|
| 320 |
|
|
|a Библиогр.: с. 309-313.
|
| 320 |
|
|
|a Предметный указатель: с. 314-316.
|
| 330 |
|
|
|a В книге рассказано о том, что необходимо для превращения вверенной ИТ-инфраструктуры в отказоустойчивую систему. Какие существуют способы защиты информации, какие этапы необходимо пройти при проектировании, как создать Disaster Recovery Plan (план полного восстановления), как создать эффективную систему резервного копирования, как организовать защиту перемещаемых данных -обо всем об этом и о множестве других полезных вещей вы узнаете, прочтя эту книгу.Большое внимание уделяется связи информационных систем и бизнеса, выстраиванию эффективных, экономически оправданных и легких в освоении систем.Изложение материала построено по принципу «теория + практика», автор не только приводит информацию по основополагающим вопросам, но и щедро делится своим богатым опытом.Издание предназначено для системных архитекторов, инженеров, администраторов, разработчиков отказоустойчивых систем и систем резервного копирования, руководителей ИТ-подразделений, ИТ-менеджеров, специалистов по продажам, а также преподавателей и студентов технических вузов.
|
| 606 |
1 |
|
|a Защита информации
|x Вычислительная техника
|2 stltpush
|3 (RuTPU)RU\TPU\subj\74425
|9 86711
|
| 610 |
1 |
|
|a терминология
|
| 610 |
1 |
|
|a данные
|
| 610 |
1 |
|
|a массивы
|
| 610 |
1 |
|
|a избыточность
|
| 610 |
1 |
|
|a отказоустойчивость
|
| 610 |
1 |
|
|a резервное копирование
|
| 610 |
1 |
|
|a носители
|
| 610 |
1 |
|
|a ротация
|
| 610 |
1 |
|
|a виртуальные системы
|
| 610 |
1 |
|
|a оборудование
|
| 610 |
1 |
|
|a резервные копии
|
| 610 |
1 |
|
|a хранение
|
| 610 |
1 |
|
|a магнитные ленты
|
| 610 |
1 |
|
|a диски
|
| 610 |
1 |
|
|a сети обмена
|
| 610 |
1 |
|
|a отказоустойчивые системы
|
| 610 |
1 |
|
|a проектирование
|
| 610 |
1 |
|
|a создание
|
| 610 |
1 |
|
|a ошибки
|
| 610 |
1 |
|
|a критические случаи
|
| 610 |
1 |
|
|a малые предприятия
|
| 610 |
1 |
|
|a крупные компании
|
| 675 |
|
|
|a 004.056.5
|v 4
|
| 700 |
|
1 |
|a Бережной
|b А. Н.
|g Алексей Николаевич
|
| 801 |
|
1 |
|a RU
|b 63413507
|c 20160202
|
| 801 |
|
2 |
|a RU
|b 63413507
|c 20160407
|g RCR
|
| 900 |
|
|
|a Защита информации и информационная безопасность
|
| 900 |
|
|
|a Защита информации в компьютерных системах и сетях
|
| 942 |
|
|
|c BK
|
| 959 |
|
|
|a 1/20160113
|d 1
|e 499,00
|f ЧЗТЛ:1
|